Learning Python /

Gespeichert in:
Bibliographische Detailangaben
1. Verfasser: Lutz, Mark (Verfasst von)
Format: Buch
Sprache:Englisch
Veröffentlicht: Sebastopol: O´Reilley, 2013
Ausgabe:5. vyd.
Schlagworte:
Tags: Tag hinzufügen
Keine Tags, Fügen Sie das erste Tag hinzu!

MARC

LEADER 00000nam a22000003a 4500
001 0016897
003 SK-STU
005 20240130130349.0
007 ta
008 160907s ----xo-----e------000-0-----d
020 |a 978-1-449-35573-9 
040 |a STU  |b slo 
041 0 |a eng  |h eng 
044 |a xxu 
100 1 |a Lutz, Mark  |4 aut 
245 1 0 |a Learning Python /  |c aut. Mark Lutz 
250 |a 5. vyd. 
260 |a Sebastopol:  |b O´Reilley,  |c 2013 
300 |a 1540 s. 
650 0 7 |a programovacie jazyky 
996 |c V* 52375/O-23532  |l VV6  |s P  |a 0  |w 0016897_0001 
996 |b 284M088100  |c M* 14230-1  |l MMKN  |s A  |a 24  |w 0016897_0002